000 00536nam a2200217Ia 4500
003 OSt
005 20220924134339.0
006 a|||||r|||| 00| 0
007 ta
008 220923b |||||||| |||| 00| 0 snd d
024 _a273635
037 _cTextual
040 _aARTS
_cARTS
_bsnd
041 _2snd
_asnd
082 _aP152,J9, 1593K5
100 _aSikayal Arjun
_9208403
245 0 _aSindh Bal bodh
260 _c1965
942 _hP152,J9, 1593K5
_cTEXL
_2CC
999 _c437138
_d437138